<?xml version="1.0" encoding="UTF-8"?>
<record
    xmlns:xsi="http://www.w3.org/2001/XMLSchema-instance"
    xsi:schemaLocation="http://www.loc.gov/MARC21/slim http://www.loc.gov/standards/marcxml/schema/MARC21slim.xsd"
    xmlns="http://www.loc.gov/MARC21/slim">

  <leader>00910mam a22002654a 4500</leader>
  <controlfield tag="001">2362950</controlfield>
  <controlfield tag="003">OSt</controlfield>
  <controlfield tag="005">20230925075338.0</controlfield>
  <controlfield tag="008">000421s1999    gw a     c    000 0 ger c</controlfield>
  <datafield tag="040" ind1=" " ind2=" ">
    <subfield code="c">Lado V</subfield>
  </datafield>
  <datafield tag="082" ind1=" " ind2=" ">
    <subfield code="a">750</subfield>
    <subfield code="b">B772l</subfield>
  </datafield>
  <datafield tag="100" ind1=" " ind2=" ">
    <subfield code="a">Bourgeois, Louise</subfield>
    <subfield code="9">1087</subfield>
  </datafield>
  <datafield tag="245" ind1="1" ind2="0">
    <subfield code="a">Louise Bourgeois/</subfield>
  </datafield>
  <datafield tag="260" ind1=" " ind2=" ">
    <subfield code="b">Maier Museum of Art</subfield>
    <subfield code="a">Lynchburg, Virginia</subfield>
    <subfield code="c">1999</subfield>
  </datafield>
  <datafield tag="300" ind1=" " ind2=" ">
    <subfield code="a">24 p.</subfield>
    <subfield code="c">27x21cm.</subfield>
  </datafield>
  <datafield tag="500" ind1=" " ind2=" ">
    <subfield code="a">Catalogue of an exhibition held Feb. 28-May 2, 1999.</subfield>
  </datafield>
  <datafield tag="546" ind1=" " ind2=" ">
    <subfield code="a">German and English.</subfield>
  </datafield>
  <datafield tag="600" ind1="1" ind2="0">
    <subfield code="a">Bourgeois, Louise,</subfield>
    <subfield code="d">1911-2010</subfield>
    <subfield code="v">Exhibitions.</subfield>
    <subfield code="9">3067</subfield>
  </datafield>
  <datafield tag="650" ind1=" " ind2=" ">
    <subfield code="a">ARTE</subfield>
    <subfield code="9">3516</subfield>
    <subfield code="2">Tesauro de Arte &amp; Arquitectura</subfield>
  </datafield>
  <datafield tag="650" ind1=" " ind2=" ">
    <subfield code="a">PINTURA</subfield>
    <subfield code="9">3518</subfield>
    <subfield code="2">Tesauro de Arte &amp; Arquitectura</subfield>
  </datafield>
  <datafield tag="650" ind1=" " ind2=" ">
    <subfield code="a">LOUISE BOURGEOIS</subfield>
    <subfield code="9">3519</subfield>
    <subfield code="2">Tesauro de Arte &amp; Arquitectura</subfield>
  </datafield>
  <datafield tag="650" ind1=" " ind2=" ">
    <subfield code="a">OBTAS</subfield>
    <subfield code="y">1989-1998</subfield>
    <subfield code="9">3520</subfield>
    <subfield code="2">Tesauro de Arte &amp; Arquitectura</subfield>
  </datafield>
  <datafield tag="942" ind1=" " ind2=" ">
    <subfield code="2">ddc</subfield>
    <subfield code="c">1</subfield>
    <subfield code="h">750</subfield>
    <subfield code="i">B772l</subfield>
    <subfield code="n">0</subfield>
  </datafield>
  <datafield tag="999" ind1=" " ind2=" ">
    <subfield code="c">4367</subfield>
    <subfield code="d">4367</subfield>
  </datafield>
  <datafield tag="952" ind1=" " ind2=" ">
    <subfield code="0">0</subfield>
    <subfield code="1">0</subfield>
    <subfield code="2">ddc</subfield>
    <subfield code="3">1999</subfield>
    <subfield code="4">0</subfield>
    <subfield code="7">0</subfield>
    <subfield code="8">Libros</subfield>
    <subfield code="a">LV</subfield>
    <subfield code="b">LV</subfield>
    <subfield code="d">2023-09-25</subfield>
    <subfield code="i">002085</subfield>
    <subfield code="l">0</subfield>
    <subfield code="o">750 B772l</subfield>
    <subfield code="p">002085</subfield>
    <subfield code="r">2023-09-25 00:00:00</subfield>
    <subfield code="w">2023-09-25</subfield>
    <subfield code="y">1</subfield>
  </datafield>
</record>
